[Event "Dortmund op-A"]
[Site "Dortmund"]
[Date "2005.07.15"]
[Round "7"]
[White "Conrad, Joachim"]
[Black "Iltchouk, Elena"]
[Result "1/2-1/2"]
[WhiteElo "1971"]
[BlackElo "2181"]
[PlyCount "43"]
[EventDate "2005.07.08"]
[EventType "swiss"]
[EventRounds "9"]
[EventCountry "GER"]
[SourceTitle "CBM 107 Extra"]
[Source "ChessBase"]
[SourceDate "2005.09.01"]
[SourceVersion "1"]
[SourceVersionDate "2005.09.01"]
[SourceQuality "1"]

1. d4 d5 2. Nf3 Nf6 3. e3 c6 4. c4 a6 5. Nbd2 e6 6. Qc2 Be7 7. Bd3 Nbd7 8. 0-0 h6 9. b3 b5 10. c5 Qc7 11. Bb2 a5 12. Rfe1 0-0 13. a3 Rd8 14. b4 a4 15. Qd1 Nf8 16. Ne5 N6d7 17. Nxd7 Bxd7 18. Qe2 Be8 19. Rf1 f5 20. Rab1 Bf6 21. f4 Qa7 22. Qf2 1/2-1/2

[Event "Dortmund op-A"]
[Site "Dortmund"]
[Date "2005.07.11"]
[Round "4"]
[White "Iltchouk, Elena"]
[Black "Piepho, Niels"]
[Result "1/2-1/2"]
[WhiteElo "2181"]
[BlackElo "2278"]
[PlyCount "88"]
[EventDate "2005.07.08"]
[EventType "swiss"]
[EventRounds "9"]
[EventCountry "GER"]
[SourceTitle "CBM 107 Extra"]
[Source "ChessBase"]
[SourceDate "2005.09.01"]
[SourceVersion "1"]
[SourceVersionDate "2005.09.01"]
[SourceQuality "1"]

1. e4 d6 2. d4 Nf6 3. Nc3 g6 4. h3 Bg7 5. Nf3 c6 6. a4 0-0 7. Bd3 b6 8. Qe2 Nbd7 9. 0-0 e5 10. dxe5 dxe5 11. Bc4 Qc7 12. Rd1 Nc5 13. b3 Re8 14. Ng5 Ne6 15. Nxe6 Bxe6 16. Ba3 Bf8 17. Bxf8 Kxf8 18. Bxe6 Rxe6 19. Qc4 Rd8 20. Qb4+ c5 21. Qc4 Ne8 22. Rxd8 Qxd8 23. Rd1 Qc8 24. Rd5 Nd6 25. Qd3 Qc6 26. Nb5 c4 27. Qe3 cxb3 28. cxb3 Nxb5 29. Qh6+ Kg8 30. axb5 Qc7 31. Qd2 Re7 32. g3 Kg7 33. Qb2 f6 34. Qd2 Kf7 35. Kg2 Ke6 36. Qb4 Rd7 37. Rxd7 Qxd7 38. Qc4+ Ke7 39. h4 Qe6 40. Qc7+ Qd7 41. Qc4 Qe6 42. Qa4 Qd7 43. Qa3+ Kf7 44. Qa4 Ke7 1/2-1/2

[Event "Dortmund op-A"]
[Site "Dortmund"]
[Date "2005.07.09"]
[Round "2"]
[White "Iltchouk, Elena"]
[Black "Hobusch, Alexander"]
[Result "1-0"]
[WhiteElo "2181"]
[BlackElo "1948"]
[PlyCount "69"]
[EventDate "2005.07.08"]
[EventType "swiss"]
[EventRounds "9"]
[EventCountry "GER"]
[SourceTitle "CBM 107 Extra"]
[Source "ChessBase"]
[SourceDate "2005.09.01"]
[SourceVersion "1"]
[SourceVersionDate "2005.09.01"]
[SourceQuality "1"]

1. e4 e6 2. d4 d5 3. Nd2 c5 4. Ngf3 a6 5. c3 Nc6 6. dxc5 Bxc5 7. exd5 exd5 8. Nb3 Bb6 9. Be2 Nf6 10. 0-0 0-0 11. Bg5 Re8 12. Nfd4 h6 13. Bh4 g5 14. Bg3 Ne4 15. h3 Qf6 16. Bh2 Kh8 17. Bf3 Bd7 18. Ne2 Rad8 19. Ng3 Bc8 20. Nd2 Nxd2 21. Qxd2 Bxh3 22. Bxd5 Be6 23. c4 Bxd5 24. cxd5 Ba5 25. Qd3 Nb4 26. Qb3 Nxd5 27. Qxb7 Qb6 28. Qxf7 Rf8 29. Qh5 Nf4 30. Qg4 Qb7 31. Nh5 Qe4 32. Bxf4 Rxf4 33. Nxf4 gxf4 34. Qh3 Kh7 35. Rad1 1-0

[Event "EU-ch U20 Girls 13th"]
[Site "Tapolca"]
[Date "1996.??.??"]
[Round "10"]
[White "Benderac, Ana"]
[Black "Iltchouk, Elena"]
[Result "1/2-1/2"]
[WhiteElo "2115"]
[BlackElo "2150"]
[PlyCount "105"]
[EventDate "1996.10.??"]
[EventType "swiss"]
[EventRounds "11"]
[EventCountry "HUN"]
[SourceTitle "Juniors"]
[Source "ChessBase"]
[SourceDate "1999.07.01"]
[SourceVersion "1"]
[SourceVersionDate "1999.07.01"]
[SourceQuality "1"]

1. d4 d5 2. Nf3 Nf6 3. Bf4 Bf5 4. e3 e6 5. Bd3 Bg6 6. 0-0 Nbd7 7. c4 Bxd3 8. Qxd3 c6 9. Ne5 Be7 10. Nc3 0-0 11. h3 a6 12. Rab1 Nxe5 13. dxe5 Nd7 14. b4 dxc4 15. Qxc4 Nb6 16. Qe2 Nd5 17. Nxd5 cxd5 18. e4 d4 19. Rfd1 Qb6 20. Rd3 Rfd8 21. Qg4 Bf8 22. Bg5 Rdc8 23. Bf6 Rc3 24. Rb3 Rxd3 25. Rxd3 Qxb4 26. Rb3 Qe1+ 27. Kh2 g6 28. Rxb7 Qxf2 29. Rd7 Bh6 30. Bh4 Qf4+ 31. Qxf4 Bxf4+ 32. Bg3 Be3 33. Be1 Rb8 34. Kg3 Rb5 35. Kf3 Rxe5 36. Bb4 f5 37. exf5 Rxf5+ 38. Ke4 Rd5 39. Re7 Rb5 40. Bd6 Rd5 41. Rxe6 d3 42. Bb4 d2 43. Bxd2 Rxd2 44. Kxe3 Rxa2 45. g4 Ra1 46. Kf4 Kf7 47. Rb6 h6 48. Rb7+ Kf8 49. Rb6 Kg7 50. Rb7+ Kf6 51. Rb6+ Kf7 52. Rb7+ Kg8 53. Rb8+ 1/2-1/2

[Event "EU-ch U20 Girls 13th"]
[Site "Tapolca"]
[Date "1996.??.??"]
[Round "4"]
[White "Iltchouk, Elena"]
[Black "Decsey, Katalin"]
[Result "1-0"]
[WhiteElo "2150"]
[BlackElo "2005"]
[PlyCount "51"]
[EventDate "1996.10.??"]
[EventType "swiss"]
[EventRounds "11"]
[EventCountry "HUN"]
[SourceTitle "Juniors"]
[Source "ChessBase"]
[SourceDate "1999.07.01"]
[SourceVersion "1"]
[SourceVersionDate "1999.07.01"]
[SourceQuality "1"]

1. e4 e6 2. d4 d5 3. Nd2 dxe4 4. Nxe4 Bd7 5. Nf3 Bc6 6. Bd3 Nd7 7. 0-0 Ngf6 8. Ng3 Be7 9. b3 Bxf3 10. Qxf3 c6 11. Bb2 Qa5 12. a3 0-0 13. Rfe1 Rfe8 14. c4 Rad8 15. Bc2 Qc7 16. Re2 b5 17. cxb5 cxb5 18. Bd3 Qb6 19. Nh5 Nd5 20. Bxh7+ Kxh7 21. Qxf7 Bf8 22. Re4 e5 23. Rh4 Qh6 24. Nxg7 Bxg7 25. Rxh6+ Kxh6 26. Qxd5 1-0

[Event "EU-ch U20 Girls 13th"]
[Site "Tapolca"]
[Date "1996.??.??"]
[Round "2"]
[White "Iltchouk, Elena"]
[Black "Djingarova, Emilia"]
[Result "1-0"]
[WhiteElo "2150"]
[BlackElo "2095"]
[PlyCount "85"]
[EventDate "1996.10.??"]
[EventType "swiss"]
[EventRounds "11"]
[EventCountry "HUN"]
[SourceTitle "Juniors"]
[Source "ChessBase"]
[SourceDate "1999.07.01"]
[SourceVersion "1"]
[SourceVersionDate "1999.07.01"]
[SourceQuality "1"]

1. e4 c5 2. c3 d5 3. exd5 Qxd5 4. d4 e6 5. Nf3 Nf6 6. Be2 cxd4 7. Qxd4 Nc6 8. Qxd5 Nxd5 9. 0-0 Be7 10. Re1 0-0 11. Nbd2 Re8 12. Nc4 b5 13. Nce5 Nxe5 14. Nxe5 a6 15. a4 bxa4 16. Rxa4 Bb7 17. Bf3 Rad8 18. c4 Nb6 19. Bxb7 Nxa4 20. Bc6 Nc5 21. Bxe8 Rxe8 22. b4 Nb3 23. Nc6 Bf6 24. Be3 Rc8 25. b5 a5 26. Re2 e5 27. Ra2 Nd4 28. Rxa5 Nxc6 29. bxc6 Kf8 30. Ra6 Ke7 31. Bc5+ Ke6 32. c7+ Kd7 33. Bd6 e4 34. Kf1 Bd4 35. Ke2 f5 36. c5 g6 37. Ra4 Bf6 38. Rb4 Ra8 39. Rb8 Ra2+ 40. Kd1 Ra1+ 41. Kc2 Ra2+ 42. Kb3 Rb2+ 43. Ka3 1-0

[Event "EU-ch U20 Girls 13th"]
[Site "Tapolca"]
[Date "1996.??.??"]
[Round "6"]
[White "Kouwenhoven, Marisca"]
[Black "Iltchouk, Elena"]
[Result "1/2-1/2"]
[WhiteElo "2120"]
[BlackElo "2150"]
[PlyCount "116"]
[EventDate "1996.10.??"]
[EventType "swiss"]
[EventRounds "11"]
[EventCountry "HUN"]
[SourceTitle "Juniors"]
[Source "ChessBase"]
[SourceDate "1999.07.01"]
[SourceVersion "1"]
[SourceVersionDate "1999.07.01"]
[SourceQuality "1"]

1. e4 e6 2. d4 d5 3. Nc3 Bb4 4. e5 c5 5. a3 Bxc3+ 6. bxc3 Qa5 7. Bd2 Qa4 8. Nf3 Nc6 9. Be3 c4 10. Be2 Bd7 11. Ng5 h6 12. Nh3 0-0-0 13. 0-0 Nge7 14. Nf4 g6 15. Re1 Rdf8 16. Bg4 Nf5 17. Bxf5 gxf5 18. Nh5 Rfg8 19. Nf6 Rg6 20. h4 Ne7 21. h5 Rg7 22. Qd2 Ng8 23. f3 Qa5 24. Bf4 Bc6 25. Kf2 Qd8 26. Rh1 Kb8 27. Rh2 Ka8 28. Rah1 Qf8 29. Qc1 Ba4 30. Rh4 Qd8 31. R1h2 Nxf6 32. exf6 Rgg8 33. Bxh6 Qxf6 34. Bf4 Qe7 35. Qb2 f6 36. Qb4 Qxb4 37. axb4 Bxc2 38. h6 Rh7 39. R2h3 b6 40. Rg3 Rxg3 41. Bxg3 a5 42. Ke3 f4+ 43. Bxf4 a4 44. Kd2 Bf5 45. g4 Bg6 46. Kc1 a3 47. Rh2 Ra7 48. Ra2 Kb7 49. b5 Ra5 50. Bd6 Rxb5 51. Rxa3 Ra5 52. Kd2 Kc6 53. Bb4 Rxa3 54. Bxa3 Kd7 55. Ke3 Ke8 56. Kf4 Kf7 57. g5 fxg5+ 58. Kxg5 Bf5 1/2-1/2